Statistics for All 50 State Capitol Buildings Picture Quiz - EASY

Click here to take the quiz!

General Stats

  • This quiz has been taken 18 times
  • The average score is 23 of 50

Answer Stats

Answer% Correct
Florida
67%
Hawaii
67%
New York
67%
Virginia
67%
Arizona
56%
Colorado
56%
Connecticut
56%
Kansas
56%
Massachusetts
56%
Minnesota
56%
Missouri
56%
North Carolina
56%
Rhode Island
56%
South Carolina
56%
South Dakota
56%
Texas
56%
Vermont
56%
Washington
56%
West Virginia
56%
Alabama
44%
Alaska
44%
Arkansas
44%
California
44%
Delaware
44%
Idaho
44%
Illinois
44%
Indiana
44%
Iowa
44%
Kentucky
44%
Maine
44%
Mississippi
44%
Nebraska
44%
New Mexico
44%
Ohio
44%
Oklahoma
44%
Utah
44%
Wisconsin
44%
Wyoming
44%
Georgia
33%
Louisiana
33%
Maryland
33%
Michigan
33%
Montana
33%
Nevada
33%
New Hampshire
33%
New Jersey
33%
North Dakota
33%
Oregon
33%
Pennsylvania
33%
Tennessee
33%

Score Distribution

Percentile by Number Answered

Percent of People with Each Score

Your Score History

You have not taken this quiz